000 00826nam a22002417a 4500
005 20170124110102.0
010 _aB-122228
020 _c400.00
035 _aB-122228
037 _bCen Lib/Ret
040 _aDPL
_bEN
082 _a954.42
_bPAL
100 _aPaliwal, Devilal
_927338
245 _aMaharaj Shakti Singh and the shaktawats of boheda :
_cby Devilal Paliwal [and] Rawat Surendra Singh
_bhistory of boheda thikana /
260 _aJodhpur
_bBooks treasure
_c2004
270 _bJodhpur
_aSojati gate
_e342001
300 _aviii,173p.
_c21cm(Hb)
500 _a Includes appendix
650 _aBoheṛa Ṭhikāna (India) -- History.
_973994
650 _aBoheṛa Ṭhikāna (India) -- Genealogy.
_973995
700 _aSingh, Rawat Surendra
_973996
942 _2ddc
_cEN
_h954.42
_mPAL
999 _c129766
_d129766